Country Stereotypes Quiz - Statistics

General Stats
  • This quiz has been taken 297 times
  • The average score is 11 of 17
Answer Stats
Hint Answer % Correct
Pasta people. Italy
91%
Guns and cheeseburgers. USA
90%
Communism and vodka. Russia
88%
Tea and crumpets. UK
86%
Anime and Video Games. Japan
85%
Curry, and probably some other stuff. India
82%
Where our stuff comes from. China
78%
Vampires! Romania
76%
Illegal immigrants and drugs. Mexico
72%
OIL! Saudi Arabia
68%
Eh? Canada
67%
Every animal wants you dead. Australia
64%
Top of the mornin' to ya! Ireland
63%
We surrender! France
56%
No food. No water. Ethiopia
29%
Gnomes! and... and Trolls! Norway
24%
All other countries are run by little girls. Kazakhstan
16%
No matching quizzes found
Score Distribution
Percent of People with Each Score
Percentile by Number Answered
Your Score History
You have not taken this quiz